British Warships of WW2 - Statistics

General Stats
  • This quiz has been taken 933 times
    877 since last reset
  • The average score is 44 of 129
Answer Stats
Hint Answer % Correct
Battlecruiser, Lead Ship HMS Hood
93%
Battleship HMS Prince of Wales
84%
Battleship, Lead Ship HMS Queen Elizabeth
80%
Battleship, Lead Ship HMS King George V
79%
Battleship, Lead Ship HMS Nelson
74%
Light Cruiser HMS Belfast
72%
Battleship HMS Warspite
71%
Aircraft Carrier, Lead Ship HMS Ark Royal
70%
Battlecruiser HMS Repulse
70%
Battleship HMS Rodney
70%
Heavy Cruiser, Lead Ship HMS London
69%
Battleship HMS Duke of York
67%
Battlecruiser, Lead Ship HMS Renown
67%
Battleship HMS Royal Oak
65%
Battleship, Lead Ship, Built 1944, commisioned 1946. HMS Vanguard
65%
Light Cruiser, Lead Ship HMS Edinburgh
61%
Battleship, Lead Ship HMS Revenge
60%
Battleship HMS Barham
58%
Heavy Cruiser HMS Exeter
55%
Heavy Cruiser, Lead Ship HMS Norfolk
55%
Heavy Cruiser, Lead Ship HMS York
54%
Battleship HMS Howe
53%
Battleship HMS Malaya
53%
Battleship HMS Valiant
52%
Aircraft Carrier HMS Glorious
51%
Light Cruiser HMS Manchester
51%
Heavy Cruiser HMS Suffolk
51%
Battleship HMS Anson
50%
Aircraft Carrier, Lead Ship HMS Hermes
50%
Aircraft Carrier, Lead Ship HMS Illustrious
50%
Light Cruiser HMS Glasgow
49%
Battleship HMS Royal Sovereign
49%
Aircraft Carrier HMS Victorious
49%
Light Cruiser HMS Liverpool
48%
Light Cruiser HMS Ajax
47%
Aircraft Carrier, Lead Ship HMS Eagle
46%
Light Cruiser HMS Sheffield
46%
Light Cruiser, Lead Ship HMS Fiji
44%
Aircraft Carrier HMS Furious
44%
Battleship, Lead Ship HMS Iron Duke
44%
Battleship HMS Ramillies
43%
Heavy Cruiser HMS Devonshire
42%
Battleship HMS Resolution
41%
Light Cruiser HMS Birmingham
40%
Heavy Cruiser HMS Cornwall
40%
Light Cruiser, Lead Ship HMS Leander
39%
Aircraft Carrier, Lead Ship HMS Courageous
38%
Heavy Cruiser HMS Dorsetshire
38%
Aircraft Carrier HMS Indomitable
38%
Light Cruiser HMS Achilles
37%
Heavy Cruiser, Lead Ship HMS Kent
37%
Heavy Cruiser HMS Sussex
37%
Aircraft Carrier, Lead Ship HMS Unicorn
37%
Light Cruiser HMS Newcastle
36%
Light Cruiser, Lead Ship HMS Southampton
36%
Light Cruiser, Lead Ship HMS Dido
35%
Light Cruiser, Lead Ship HMS Emerald
33%
Aircraft Carrier HMS Formidable
33%
Aircraft Carrier, Lead Ship HMS Implacable
33%
Light Cruiser HMS Jamaica
33%
Light Cruiser HMS Cardiff
32%
Light Cruiser HMS Enterprise
30%
Light Cruiser, Lead Ship HMS Gloucester
30%
Light Cruiser, Lead Ship HMS Minotaur
30%
Light Cruiser HMS Neptune
30%
Heavy Cruiser HMS Cumberland
29%
Aircraft Carrier HMS Indefatigable
29%
Light Cruiser HMS Kenya
29%
Heavy Cruiser, Lead Ship HMS Hawkins
28%
Light Cruiser HMS Orion
28%
Heavy Cruiser HMS Shropshire
28%
Aircraft Carrier, Lead Ship HMS Argus
27%
Light Cruiser HMS Nigeria
26%
Light Cruiser, Lead Ship HMS Danae
25%
Light Cruiser, Lead Ship HMS Arethusa
24%
Light Cruiser HMS Black Prince
24%
Light Cruiser HMS Bermuda
22%
Light Cruiser HMS Cairo
22%
Light Cruiser HMS Cleopatra
22%
Light Cruiser HMS Coventry
22%
Light Cruiser HMS Delhi
22%
Light Cruiser HMS Sirius
22%
Light Cruiser HMS Trinidad
22%
Light Cruiser HMS Uganda
22%
Heavy Cruiser HMS Berwick
21%
Light Cruiser HMS Dragon
21%
Light Cruiser HMS Gambia
21%
Light Cruiser HMS Penelope
21%
Light Cruiser, Lead Ship HMS Ceylon
20%
Light Cruiser HMS Aurora
19%
Light Cruiser HMS Hermione
19%
Light Cruiser HMS Newfoundland
19%
Light Cruiser HMS Capetown
18%
Light Cruiser, Lead Ship HMS Carlisle
18%
Light Cruiser HMS Dauntless
18%
Light Cruiser,Commisioned 1944 HMS Swiftsure
18%
Light Cruiser HMS Charybdis
17%
Light Cruiser HMS Mauritius
17%
Light Cruiser HMS Scylla
17%
Light Cruiser HMS Spartan
17%
Light Cruiser HMS Calcutta
16%
Light Cruiser, Lead Ship HMS Caledon
16%
Light Cruiser HMS Calypso
16%
Light Cruiser HMS Dunedin
15%
Light Cruiser HMS Durban
15%
Heavy Cruiser HMS Frobisher
15%
Light Cruiser HMS Galatea
15%
Heavy Cruiser HMS Effingham
14%
Light Cruiser HMS Argonaut
13%
Light Cruiser, Lead Ship HMS Bellona
13%
Light Cruiser, Lead Ship HMS Ceres
13%
Light Cruiser HMS Curacoa
13%
Light Cruiser HMS Curlew
13%
Light Cruiser HMS Phoebe
13%
Heavy Cruiser HMS Raleigh
13%
Light Cruiser HMS Royalist
13%
Light Cruiser HMS Colombo
12%
Light Cruiser HMS Bonaventure
11%
Light Cruiser HMS Diadem
11%
Light Cruiser HMS Naiad
11%
Light Cruiser HMS Despatch
10%
Light Cruiser HMS Euryalus
10%
Light Cruiser HMS Caradoc
9%
Light Cruiser, Commisioned 1945 HMS Superb
9%
Aircraft Carrier, Lead Ship HMS Vindictive
9%
Escort Carrier HMS Vindex
6%
Light Cruiser HMS Diomedes
5%
Escort Carrier HMS Campania
4%
Escort Carrier, Lead Ship HMS Nairana
4%
No matching quizzes found
Score Distribution
Percent of People with Each Score
Percentile by Number Answered
Your Score History
You have not taken this quiz since the last reset